Detalles MARC
| 000 -LIDER |
| fixed length control field |
00820nam a22002777a 4500 |
| 003 - IDENTIFICACDOR DE NÚMERO DE CONTROL |
| control field |
DO-SdBPM |
| 005 - DATE AND TIME OF LATEST TRANSACTION |
| control field |
20250306114244.0 |
| 008 - ELEMENTOS DE LONGITUD FIJA |
| fixed length control field |
210426b2012 ch 00| 0 spa d |
| 020 ## - ISBN |
| International Standard Book Number |
9787802008380 |
| 040 ## - FUENTE DE CATALOGACIÓN |
| Agencia que crea de manera original el registro |
DO-SdBPM |
| Idioma de catalogación |
spa |
| Agencia que realiza la transcripción |
BPMSU |
| Convenciones de la despripción |
rda |
| 082 #4 - NÚMERO DE CLASIFICACIÓN DECIMAL DE DEWEY |
| Classification number |
R495.11 |
| Item number |
W246c 2012 |
| Edition number |
22 |
| 092 ## - LOCALLY ASSIGNED DEWEY DECIMAL CALL NUMBER |
| Número de clasificación |
|
| 100 1# - ASIENTO PRINCIPAL -- NOMBRE PERSONAL |
| Nombre personal |
Wang, Weiqian |
| 245 10 - MENCIÓN DE TITULO |
| Título |
Curso intensivo del idioma chino en 30 días / |
| Mención de responsabilidad |
Zhang Pengpeng |
| 260 ## - PUBLICACIÓN, DISTRIBUCIÓN, ETC. (PIE DE IMPRENTA) |
| Lugar de publicación, distribución, etc |
República Popular, China : |
| Nombre del editor, distribuidor, etc. |
Sonolingua, |
| Fecha de publicación, distribución, etc |
2012 |
| Nombre del editor, distribuidor, etc. |
|
| 300 ## - DESCRIPCIÓN FÍSICA |
| Extensión |
247 p. : |
| Dimensiones |
26 cm. |
| 500 ## - NOTA GENERAL |
| Materiales especificados |
|
| 590 ## - NOTA LOCAL |
| Texto de la nota local |
Inventariado, 2025/VM |
| 650 #4 - ENCABEZAMIENTO DE MATERIA--TEMÁTICO |
| Término temático o nombre geográfico como elemento de entrada |
Chino |
| Subdivisión temática general |
Alfabeto. |
| 650 #4 - ENCABEZAMIENTO DE MATERIA--TEMÁTICO |
| Término temático o nombre geográfico como elemento de entrada |
Escritura china. |
| 650 #4 - ENCABEZAMIENTO DE MATERIA--TEMÁTICO |
| Término temático o nombre geográfico como elemento de entrada |
Chino |
| Subdivisión temática general |
Gramática. |
| 650 #4 - ENCABEZAMIENTO DE MATERIA--TEMÁTICO |
| Término temático o nombre geográfico como elemento de entrada |
Chino |
| Subdivisión temática general |
Escritura |
| Subdivisión de forma |
|
| 650 #4 - ENCABEZAMIENTO DE MATERIA--TEMÁTICO |
| Término temático o nombre geográfico como elemento de entrada |
Chino |
| Subdivisión temática general |
Enseñanza |
| -- |
Estdiantes extranjeros |
| 910 ## - VALIDACIÓN |
| Validación |
VMateo V. Control de calidad. BPMSU |
| 942 ## - ADDED ENTRY ELEMENTS (KOHA) |
| Source of classification or shelving scheme |
Dewey Decimal Classification |
| Koha item type |
Libros |